| 000 | 00760cam a22001934a 4500 | ||
|---|---|---|---|
| 005 | 20250605164336.0 | ||
| 008 | 250528s ||||||||||||||||||||||||d | ||
| 035 | _a23430 | ||
| 040 |
_aGR-AtMCL _bgre _dGR-AtMCL _eAACR2 |
||
| 245 | 1 | _aInternet Use and Loneliness/Can Extensive Internet Use be a Cause for Loneliness or it is all about Gender? | |
| 260 | _c2012 | ||
| 300 | _a39 | ||
| 520 | _aAbstract, Key Words, Introduction, Methodology, Design, Participants, Materials, Procedure, Results, Descriptive Statistics, Statistical Inference, Discussion, References, Appendices, Confidential Request for Ethical Approval. | ||
| 700 | 1 |
_aBourna Efstathia _98992 |
|
| 700 | 1 |
_aKoutelieris Stelios _98993 |
|
| 942 | _cDS | ||
| 999 |
_c8440 _d8440 |
||